Statistiche per Riconosci la Bandiera sbagliata - Asia - Quiz n°3

Clicka qui per fare il quiz!

Statistiche generali

  • Questo quiz è stato fatto 2 volte
  • Il punteggio medio è 5 su 8

Statistiche sulle risposte

DomandaRisposta% Corretto
Qual è la bandiera sbagliata?
100%
Qual è la bandiera sbagliata?
100%
Qual è la bandiera sbagliata?
100%
Qual è la bandiera sbagliata?
50%
Qual è la bandiera sbagliata?
50%
Qual è la bandiera sbagliata?
50%
Qual è la bandiera sbagliata?
0%
Qual è la bandiera sbagliata?
0%

Distribuzione punteggi

Percentile per numero di risposta

Percentuale di utenti per punteggio

I tuoi punteggi nel tempo

Non hai fatto questo quiz